[Event "FRA-ch U20 Girls"]
[Site "Montbeliard"]
[Date "2014.04.21"]
[Round "2"]
[White "Soriano, Manon"]
[Black "Monpeurt, Cyrielle"]
[Result "0-1"]
[WhiteElo "1615"]
[BlackElo "2028"]
[PlyCount "108"]
[EventDate "2014.04.20"]
[EventType "swiss"]
[EventRounds "9"]
[EventCountry "FRA"]
[SourceTitle "CBM 160 Extra"]
[Source "ChessBase"]
[SourceDate "2014.07.01"]
[SourceVersion "1"]
[SourceVersionDate "2014.07.01"]
[SourceQuality "1"]

1. e4 c5 2. Nc3 Nc6 3. Nf3 Nf6 4. Bc4 e6 5. d4 cxd4 6. Nxd4 Qc7 7. Ncb5 Qb8 8. Qe2 a6 9. Nxc6 bxc6 10. Nd4 Qe5 11. Nb3 Qxe4 12. Qxe4 Nxe4 13. Be3 d5 14. Be2 Be7 15. c3 0-0 16. f3 Nf6 17. g4 Nd7 18. h4 a5 19. g5 a4 20. Nd2 Ba6 21. Bxa6 Rxa6 22. Ke2 c5 23. b3 Rfa8 24. b4 cxb4 25. cxb4 Bxb4 26. Rab1 Bxd2 27. Kxd2 Ne5 28. Ke2 Rc6 29. Rhc1 Rxc1 30. Bxc1 Nc4 31. f4 a3 32. Rb3 Kf8 33. Kd3 h6 34. Kd4 hxg5 35. hxg5 Ra7 36. Kc5 Ke7 37. Kd4 Kd6 38. Rh3 Kc6 39. Rh7 g6 40. Rh3 Ra4 41. Rc3 Kd6 42. Kd3 Nb2+ 43. Kc2 d4 44. Rc8 Rc4+ 45. Rxc4 Nxc4 46. Kb3 Kd5 47. Kb4 d3 48. Kc3 d2 49. Bxd2 Nxd2 50. Kxd2 Ke4 51. Kc3 Kxf4 52. Kb3 e5 53. Kxa3 e4 54. Kb2 e3 0-1